000 01229cam a22003857a 4500
001 000053058
003 CHAP
005 20220817042658.0
008 971013s1974 r 00010 d
010 _a51995
011 _a52967
035 _a57117
040 _cCHAP
090 _aFolleto 724
100 0 0 _aSánchez Colín, Salvador.
_9107431
245 1 3 _aLa CONAFRUT y el Simposio Internacional de Viticultura.
260 _aMéxico, D.F. :
_bComisión Nacional de Fruticultura,
_c1974.
300 _a18 p. :
_b: ilus.
490 1 _aSerie especial: Folleto
_v; 16
500 _ac.4 en bodega
590 _aBATCH-UPD
_b10
_c20130110
_lUCH01
_h1131
590 _aBATCH-UPD
_b10
_c20130410
_lUCH01
_h0719
590 _aBATCH-UPD
_b10
_c20130914
_lUCH01
_h1447
590 _aCONVERSION
_b10
_c20130109
_lUCH01
_h1328
590 _aE5995AHE
_b05
_c20141114
_lUCH01
_h1039
650 1 4 _aFruticultura.
_943684
650 1 4 _aViticultura.
830 0 _aSerie especial Folleto
_v; 16
901 _aBK
942 _cFOLL
942 _n0
949 _aFolleto 724
_bBC
_cFOLL
_d-124409
_eTS1
_i57117
_si
949 _aFolleto 724
_bBC
_cFOLL
_d-124410
_eTS2
_fc.2
_i57117
_si
949 _aFolleto 724
_bBC
_cFOLL
_d-124411
_eTS2
_fc.3
_i57117
_si
999 _c51995
_d51995